|
|
|
|
| LEADER |
01307nam a2200301 a 4500 |
| 001 |
0017428 |
| 003 |
BD-DhAAL |
| 008 |
090706s2003 nyub b 001 0 eng d |
| 010 |
|
|
|a 2002032417
|
| 020 |
|
|
|a 0393979695 (pbk.)
|
| 040 |
|
|
|a DLC
|c DLC
|d DLC
|d BD-DhAAL
|
| 082 |
0 |
0 |
|a 810.8
|2 21
|
| 245 |
0 |
4 |
|a The Norton anthology of American literature /
|c Nina Baym, general editor.
|
| 246 |
3 |
0 |
|a Anthology of American literature
|
| 250 |
|
|
|a Shorter sixth edition.
|
| 260 |
|
|
|a New York :
|b W.W. Norton,
|c c2003.
|
| 300 |
|
|
|a xxxiii, 2930 p. :
|b ill.col. maps ;
|c 24 cm
|
| 500 |
|
|
|a Maps on lining papers.
|
| 504 |
|
|
|a Includes bibliographical references (pages 2855-2911) and index.
|
| 526 |
|
|
|a ENH
|x Professor Syed Manzoorul Islam
Coordinator
Department of English and Humanities
|
| 541 |
1 |
|
|e 00017428
|a Friends' Book Corner
|
| 650 |
|
0 |
|a American literature.
|
| 651 |
|
0 |
|a United States
|v Literary collections.
|9 58227
|
| 700 |
1 |
|
|a Baym, Nina.
|9 58228
|
| 852 |
4 |
|
|a Ayesha Abed Library
|c General Stacks
|
| 942 |
|
|
|2 ddc
|c BK
|
| 999 |
|
|
|c 2041
|d 2041
|
| 952 |
|
|
|0 0
|1 4
|2 ddc
|4 0
|6 810_800000000000000_NOR
|7 0
|9 1877
|a BRACUL
|b BRACUL
|c GEN
|d 2009-07-06
|e Friends' Book Corner
|g 1505.00
|l 0
|o 810.8 NOR
|p 3010017428
|r 2009-07-06
|t 1
|w 2009-07-06
|y BK
|x Koha Inventory 2020 ; Requisitioned by Professor Syed Manzoorul Islam (Coordinator).
|